| 000 | 00782nam a2200289Ia 4500 | ||
|---|---|---|---|
| 005 | 20260324112351.0 | ||
| 008 | 008 260324s9999 xx 000 0 eng d | ||
| 020 | _a9781003424178 | ||
| 037 | _aEBOOK | ||
| 040 | _aCRL | ||
| 040 | _beng | ||
| 040 | _cCRL | ||
| 041 | _2eng | ||
| 041 | _aeng | ||
| 084 | _qCRL | ||
| 100 |
_aJakob van Wielink; Klaartje van Gasteren; Marnix Reijmerink; Anne Verbokkem-Oerlemans; Leo Wilhelm; Riet Fiddelaers-Jaspers _91142397 |
||
| 245 | 4 | _aThe Craft of the Secure Base Coach | |
| 245 | 0 | _bEnabling Transition | |
| 260 | _bTaylor and Francis | ||
| 260 | _c2024 | ||
| 365 | _a | ||
| 365 | _b195 | ||
| 856 | _uhttp://www.taylorfrancis.com/books/9781003424178 | ||
| 942 | _cEBOOK | ||
| 999 |
_c1731575 _d1731575 |
||